00864nam a22001697a 450000500170000000800410001702000180005804100090007608200140008510000190009924500790011830000110019736500160020844000770022450003700030165000230067120250514142527.0250514b |||||||| |||| 00| 0 eng d a9789395361392 aEng. a61.73/VAS aVashist Suman  a Nursing Foundation-I Textbook (N-NF(I) 125) - I Semester (B.Sc. Nursing) a335 P. aRsb380cRs aNursing Foundation-I Textbook (N-NF(I) 125) - I Semester (B.Sc. Nursing) aBook is written as per the new revised INC syllabus for B.Sc. Nursing students. All chapters are written in simple and lucid language and organized in logical order to facilitate easy comprehension. For self evaluation each chapter comprises different types of questions. All the contents of the book have been reviewed by eminent medical and nursing professionals. aNursing Foundation